000 01216cam a22002295a 4500
001 L149183
008 100125e20091219xxk 000 0 eng d
035 _a(Sirsi) u149183
041 0 _aeng
100 1 _aDriscoll, James
245 0 0 _aMake allowances
260 _aEstates Gazette
_v(0950) 19 December 2009, 62-63(2)
520 _a"Culley v Daegan Properties Ltd" (L149181) concerning hope value and "Zuckerman and Ors v Trustees of Calthorpe Estate (L149182) dealing with deferment rates apply "Sportelli" principles. "Culley" upheld the principle of 10% marriage value as established by Sportelli. "Zuckerman" sanctioned a higher determent rate of 6% than the generic 5% set by Sportelli. Outlines reasons behind the decisions.
590 _aKA
650 2 4 _aEARL CADOGAN V PITTS & ANOR AND EARL CADOGAN & ORS V SPORTELLI & ANOR AND TWO OTHER ACTIONS
650 2 4 _aCULLEY V DAEJAN PROPERTIES LTD
650 2 4 _aZUCKERMAN V TRUSTEES OF CALTHORPE ESTATE
650 2 4 _aLEASEHOLD REFORM, HOUSING AND URBAN DEVELOPMENT ACT 1993
651 4 _aEngland and Wales
_y1543-
690 _aRESIDENTIAL PROPERTY-RESIDENTIAL LANDLORD AND TENANT-RESIDENTIAL LEASES-RESIDENTIAL LEASEHOLD ENFRANCHISEMENT
942 _n0
999 _c82082
_d82082